ՀՀ Գիտությունների ազգային ակադեմիայի հիմնարար գիտական գրադարան  =   Fundamental Scientific Library of NAS RA

Պաշտպանության բանակի լավագույն դիրքապահները / (Record no. 507889)

MARC details
000 -LEADER
fixed length control field 01679nam a2200289 a 4500
003 - CONTROL NUMBER IDENTIFIER
control field AM-YEHGA
005 - DATE AND TIME OF LATEST TRANSACTION
control field 20250618075908.0
007 - PHYSICAL DESCRIPTION FIXED FIELD--GENERAL INFORMATION
fixed length control field ta
008 - FIXED-LENGTH DATA ELEMENTS--GENERAL INFORMATION
fixed length control field 171113s2017 ai o|||gr|||||000|0|arm||
020 ## - INTERNATIONAL STANDARD BOOK NUMBER
International Standard Book Number 9789939106373
040 ## - CATALOGING SOURCE
Original cataloging agency AM-YeHGA
041 0# - LANGUAGE CODE
Language code of text/sound track or separate title arm
001 - CONTROL NUMBER
control field 1168782
090 ## - LOCALLY ASSIGNED LC-TYPE CALL NUMBER (OCLC); LOCAL CALL NUMBER (RLIN)
-- 511320
100 1# - MAIN ENTRY--PERSONAL NAME
Personal name Փաշայան, Հրայր Աբրիկի,
Dates associated with a name 1982-
9 (RLIN) 565
245 10 - TITLE STATEMENT
Title Պաշտպանության բանակի լավագույն դիրքապահները /
Statement of responsibility, etc. Հ.Ա. Փաշայան ; [Խմբագիր՝ Ե. Հարությունյան ; Սրբագրիչ՝ Ի. Սարգսյան] ; Արցախի Հանրապետության զինված ուժեր, Հայաստանի երիտասարդական հիմնադրամ, ՀՀ նախագահի աշխատակազմի կողմից տրամադրված դրամաշնորհ, Արցախի երիտասարդ գիտնականների և մասնագետների միավորում (ԱԵԳՄՄ).
260 ## - PUBLICATION, DISTRIBUTION, ETC.
Place of publication, distribution, etc. Երևան :
Name of publisher, distributor, etc. ԱԵԳՄՄ,
Date of publication, distribution, etc. 2017.
300 ## - PHYSICAL DESCRIPTION
Extent 111 էջ :
Other physical details լուսանկարներ ;
Dimensions 20 սմ.
650 14 - SUBJECT ADDED ENTRY--TOPICAL TERM
Topical term or geographic name entry element Զինված ուժեր
Geographic subdivision Հայաստանի Հանրապետություն
700 1# - ADDED ENTRY--PERSONAL NAME
Personal name Հարության, Ե.
Relator term խմբագիր
Relationship edt
700 1# - ADDED ENTRY--PERSONAL NAME
Personal name Սարգսյան, Ի.
Relator term սրբագրիչ
Relationship crr
710 2# - ADDED ENTRY--CORPORATE NAME
Corporate name or jurisdiction name as entry element Հայ առաքելական եկեղեցի :
Subordinate unit Արցախի թեմ
9 (RLIN) 6975
710 2# - ADDED ENTRY--CORPORATE NAME
Corporate name or jurisdiction name as entry element Հայաստանի ազգային պոլիտեխնիկական համալսարան
710 2# - ADDED ENTRY--CORPORATE NAME
Corporate name or jurisdiction name as entry element ՀՀ նախագահի աշխատակազմի կողմից տրամադրված դրամաշնորհ
710 2# - ADDED ENTRY--CORPORATE NAME
Corporate name or jurisdiction name as entry element Հայ առաքելական եկեղեցի :
Subordinate unit Արցախի թեմ
9 (RLIN) 6975
942 ## - ADDED ENTRY ELEMENTS (KOHA)
Source of classification or shelving scheme Universal Decimal Classification
Koha item type Գրքեր / Books
Holdings
Withdrawn status Lost status Damaged status Not for loan Collection Home library Current library Date acquired Total checkouts Full call number Barcode Date last seen Price effective from Koha item type Public note
        General Fundamental Scientific Library Fundamental Scientific Library 11/05/2021   AII/107329 FL0647347 11/05/2021 11/05/2021 Գրքեր / Books 30 Days Loan


ՀՀ ԳԱԱ հիմնարար գիտական գրադարան
ՀՀ,Երևան 0019
Մարշալ Բաղրամյան 24/6
հեռախոս:(374-10) 52-47-50
Հետադարձ կապ

All site content, except where otherwise noted, is licensed under a
Creative Commons License